000
00325 a2200157 4500
001
68442
020
_a
9781108772556
040
_c
Anchieta - Pituba
100
_a
Vincent, Daniel
240
1
0
_a
Own it 1
_l
eng
245
1
0
_a
Own it 1
300
_a
144
362
0
_a
2020
650
4
_a
Inglês e inglês antigo
942
_c
BK
999
_c
68442
_d
68442